00685nam a2200241 a 4500001001300000003000900013005001700022008004100039020000900080082001500089100001800104245002700122260004500149300000800194500003500202650002000237700002200257700001800279902000800297942000700305952011400312999001700426nice12345678IN_TiNIC20260116014854.0110323s2006 newa grp 000 0 eng  ac3000a362.7bGEO aGeorge, S D B aLiving By Balues (B.0) aNew Delhi bSavio Pubs. Pvt. Ltd. c2006 a32p aincludes index and biblioraphy aChild Education1 aMariella, I B M V1 aJerry, Thomas bSRS cBK 001040708StackRoom-aHMIbHMId2011-03-23g30.00l0o362.7 GEOp023581r2011-03-23v30.00w2011-03-23yBK c17353d17353